| 000 | 00837nam a2200205 a 4500 | ||
|---|---|---|---|
| 003 | 0 | ||
| 005 | 20250324123720.0 | ||
| 008 | 071121s19uu xx 00 eng d | ||
| 050 |
_aPHS GN 635.P5 _b.C967 2007 |
||
| 100 | _aCulalic, Raemund Vier E. | ||
| 245 |
_aRecreational activities of the elderly Aetas in two resettlement areas in Zambales / _cRaemund Vier E. Culalic. |
||
| 260 |
_aLas PiƱas City, Philippines : _bSouthville International School and Colleges, _c2007. |
||
| 300 |
_a59 pages : _bcolored illustrations ; _c28 cm. |
||
| 504 | _aIncludes bibliographical references. | ||
| 650 |
_aAeta (Philippine people) _xSocial life and customs. |
||
| 650 |
_aOlder people _xRecreation. |
||
| 650 |
_aResettlement _xSocial aspects _zPhilippines. |
||
| 650 |
_aIndigenous peoples _zPhilippines _xSocial conditions. |
||
| 942 |
_2lcc _cPASS |
||
| 999 |
_c97812 _d97812 |
||